Analýza medicínskych údajov, ich spracovanie a vyhodnocovanie s využitím metód dolovania dát
Na minha lista:
| Autor principal: | |
|---|---|
| Outros Autores: | |
| Formato: | Manuscrito Livro |
| Idioma: | eslovaco |
| Publicado em: |
2017
|
| Assuntos: | |
| Acesso em linha: | http://is.stuba.sk/zp/portal_zp.pl?podrobnosti=132550 |
| Tags: |
Sem tags, seja o primeiro a adicionar uma tag!
|
MARC
| LEADER | 00000ntm a22000003a 4500 | ||
|---|---|---|---|
| 001 | stuzp57011 | ||
| 003 | SK-STU | ||
| 005 | 20190408090739.5 | ||
| 007 | ta | ||
| 008 | 150427s2015----xo-----f-mn---000-0-slo-d | ||
| 040 | |a STU |b slo | ||
| 041 | 0 | |a slo | |
| 100 | 1 | |a Peterková, Andrea, |d 1989- |u 066000 |4 aut |9 100 |U MTF Materiálovotechnologická fakulta |T MTF Ústav aplikovanej informatiky, automatizácie a mechatroniky |X 56754 |U M6000 |Y 86 |7 56754 | |
| 242 | 0 | 1 | |a Analysis of medical data, their processing and evaluetion using data mining methods |y eng |
| 245 | 1 | 0 | |a Analýza medicínskych údajov, ich spracovanie a vyhodnocovanie s využitím metód dolovania dát |
| 260 | |c 2017 | ||
| 300 | |a 117 s. |e autoreferát | ||
| 300 | |e 1 CD-ROM | ||
| 650 | 4 | |a medicínske údaje |2 slo | |
| 650 | 4 | |a dolovanie dát |2 slo | |
| 650 | 4 | |a analýza dát |2 slo | |
| 650 | 4 | |a data analasis |2 eng | |
| 650 | 4 | |a medical data |2 eng | |
| 650 | 4 | |a data minig |2 eng | |
| 700 | 1 | |a Michaľčonok, German, |d 1946- |u 066000 |k Z1 |4 ths |U MTF Materiálovotechnologická fakulta |T MTF Ústav aplikovanej informatiky, automatizácie a mechatroniky |X 245 |U M6000 |Y 86 |7 A000000245 | |
| 856 | 4 | |u http://is.stuba.sk/zp/portal_zp.pl?podrobnosti=132550 | |
| 996 | |b . |c M* DzP-601 |l MMSKP |s P |a 0 |w stuzp57011_0001 | ||